121 contoh karangan berpandu UPSR

Bibliographic Details
Main Author: Shamsudin Abu Bakar
Format: Book
Published: Kuala Lumpur : Penerbit Elman Sdn.Bhd , 1997
Subjects:

MARC

LEADER 00000cam a2200000 7i4500
001 0000023000
002 000024879
005 20011207.0
020 |a 9830760413 
090 0 0 |a 499.28   |b SHA 
100 0 |a Shamsudin Abu Bakar 
245 1 0 |a 121 contoh karangan berpandu UPSR   |c Shamsudin Abu Bakar 
260 |a Kuala Lumpur :   |b Penerbit Elman Sdn.Bhd ,   |c 1997 
300 |a 370p. ;   |c 18cm. 
650 0 0 |a Malay language   |x Composition and exercises 
999 |a 064893   |b BUKU   |c PINJAMAN   |e PERPUSTAKAAN KOMUNITI PETALING JAYA 
999 |a 076090   |b BUKU   |c RUJUKAN   |e PERPUSTAKAAN KOMUNITI PETALING JAYA